Hỏi đáp về luật khiếu nại và các văn bản mới hướng dẫn thi hành
Nội dung trình bày các câu hỏi và trả lời liên quan đến luật khiếu nại bao gồm cả các văn bản hướng dẫn thi hành luật khiếu nại.
Αποθηκεύτηκε σε:
| Μορφή: | Βιβλίο |
|---|---|
| Γλώσσα: | Undetermined |
| Έκδοση: |
Hà Nội
Hồng Đức
2013
|
| Θέματα: | |
| Ετικέτες: |
Προσθήκη ετικέτας
Δεν υπάρχουν, Καταχωρήστε ετικέτα πρώτοι!
|
| Thư viện lưu trữ: | Trung tâm Học liệu Trường Đại học Cần Thơ |
|---|
| LEADER | 00882nam a2200205Ia 4500 | ||
|---|---|---|---|
| 001 | CTU_188082 | ||
| 008 | 210402s9999 xx 000 0 und d | ||
| 020 | |c 30000 | ||
| 082 | |a 347.597053 | ||
| 082 | |b H428 | ||
| 245 | 0 | |a Hỏi đáp về luật khiếu nại và các văn bản mới hướng dẫn thi hành | |
| 245 | 0 | |c Quốc Huy hệ thống hóa | |
| 260 | |a Hà Nội | ||
| 260 | |b Hồng Đức | ||
| 260 | |c 2013 | ||
| 520 | |a Nội dung trình bày các câu hỏi và trả lời liên quan đến luật khiếu nại bao gồm cả các văn bản hướng dẫn thi hành luật khiếu nại. | ||
| 650 | |a Complaints (Civil procedure),Khiếu nại (thủ tục dân sự) | ||
| 650 | |z Vietnam,Việt Nam | ||
| 904 | |i Bằng | ||
| 980 | |a Trung tâm Học liệu Trường Đại học Cần Thơ | ||